From prejudice to tolerance : A study of the Japanese image of the West 1826-1864

Đã lưu trong:
Sonraí Bibleagrafaíochta
Príomhúdar: Chang, Richard T.
Formáid: Leabhar
Teanga:Undetermined
Foilsithe: Tokyo Sophia University 1970
Ábhair:
Clibeanna: Cuir Clib Leis
Gan Chlibeanna, Bí ar an gcéad duine leis an taifead seo a chlibeáil!
Thư viện lưu trữ: Trung tâm Học liệu Trường Đại học Cần Thơ
LEADER 00681nam a2200241Ia 4500
001 CTU_111840
008 210402s9999 xx 000 0 und d
020 |c 6 
082 |a 327.52 
082 |b C454 
100 |a Chang, Richard T. 
245 0 |a From prejudice to tolerance : 
245 2 |b A study of the Japanese image of the West 1826-1864 
245 0 |c Richard T. Chang 
260 |a Tokyo 
260 |b Sophia University 
260 |c 1970 
650 |a Fujita, Toko,Sakuma, Shozan,Europe 
650 |x Foreign public opinion 
650 |y 1806-1865,1811-1864 
650 |z Japanese 
904 |i Hiếu 
980 |a Trung tâm Học liệu Trường Đại học Cần Thơ